00361nam a22001337a 450000500170000000800410001704100120005808200120007010000120008224500260009426000490012030000330016965000250020220240726095259.0240726b |||||||| |||| 00| 0 eng d aEnglish a349 SOU lEnglish aSupreme Court Reports aCape Town: bJuta and Company Ltd, c1889-90 bxxxvii, 368 pages; c25 cm.  aLegal practice bLaw